Moravský sociální demokrat

Corporate Author: Česká strana sociálně demokratická
Language: Czech
Published: Brno : Městský výkonný výbor České strany sociálně demokratické, 2001-^^^^^^^^
Physical Description: ^^^sv. ; 45 cm
Subscribed years: 2001
Subscribed volumes: 1
Newspaper or Journal
Saved in:
LEADER 01011nas a2200265 a 4500
001 000570406
003 CZ BrMZK
005 20040330100535.0
008 010907u20012001xr cze d
040 |a BOA001  |b cze 
043 |a e-xr---  |b e-xr-jm  |2 czenas 
080 |a 050  |2 MRF 
080 |a 32  |2 MRF 
245 0 0 |a Moravský sociální demokrat 
260 |a Brno :  |b Městský výkonný výbor České strany sociálně demokratické,  |c 2001-^^^^^^^^ 
300 |a ^^^sv. ;  |c 45 cm 
310 |a 1x za dva měsíce 
650 0 7 |a sociální demokracie  |7 ph125778  |z Česko  |2 czenas 
650 0 7 |a politika  |7 ph115795  |2 czenas 
655 7 |a časopisy politických stran a hnutí  |7 fd201765  |2 czenas 
710 2 |a Česká strana sociálně demokratická  |7 ko2002139399 
910 |a BOA001  |b Nov.-1115.062  |r 2001  |s 1 
952 |a e-cz-ms 
990 |a SE 
996 6 |b 2610190106  |c Nov.-1115.062  |d 2001 1 1-2  |v 1  |i 1-2  |y 2001  |l Stud. periodik/2.patro  |r Sklad / do 1 hodiny  |n 2  |p p.v. ; rekl.bez odpovědi  |w 000570406  |u 000040  |a 1  |e BOA001  |j MZK50  |s P